| 000 | 01101nam a22002657a 4500 | ||
|---|---|---|---|
| 005 | 20170124103201.0 | ||
| 010 | _aB-051700 | ||
| 020 | _c80.00 | ||
| 035 | _aB-051700 | ||
| 037 | _bCen Lib/Ret | ||
| 040 |
_aDPL _bHN |
||
| 082 |
_a133.53 _bशुक्लदु |
||
| 100 |
_aशुक्ल, दुर्गा प्रसाद _991795 |
||
| 245 |
_aमंगल : कब शुभ-कब अशुभ / _cदुर्गा प्रसाद शुक्ल |
||
| 246 |
_aMangal : kab subh, kab ashubh / _bby Durga Prasad Shukla |
||
| 260 |
_aदिल्ली _bमेघ प्रकाशन _c2001 |
||
| 270 |
_a239, दरीबाकलां _bदिल्ली _e110006 |
||
| 300 |
_a164पृ. _c21सेमी(सजिल्द) |
||
| 500 | _aअनुक्रमणिका शामिल | ||
| 650 |
_aअंतरिक्ष--परिचय _91291 |
||
| 650 |
_aग्रह--परिचय _934 |
||
| 650 |
_aSpace--Introduction _991796 |
||
| 650 |
_aPlanets--Introduction _991797 |
||
| 942 |
_2ddc _cHN _h133.53 _mशुक्लदु |
||
| 999 |
_c120657 _d120657 |
||